000 00883nas a2200289 4500
001 BR2012007361
003 BR-BrBNA
005 20231205121314.0
007 ta
008 230509b bl.|||p| |||| 00| 00por d
040 _aBR-BrBNA
_bpor
_cBiblioteca Nacional de Agricultura
041 _a(Pt)
072 _aF61; U10
100 1 _aCamacho, M.A.
100 1 _aNatale, W.
100 1 _aBarbosa, J.C.
245 1 _aFaixas de suficiência para a cultura do algodão no centro-oeste do Brasil; 1. macronutrientes
650 _aALGODÃO
650 _aMACROELEMENTO
650 _aDIAGNOSE FOLIAR
650 _aESTADO NUTRICIONAL
650 _aMODELO MATEMÁTICO
650 _aANÁLISE COMPARATIVA
773 0 _tCiência Rural (Brazil)
_xISSN 0103-8478
_g(Aug 2012), v. 42(8) p. 1413-1418
_wBR2012007361
909 _a202311
_bLúcia
_c55
_dLúcia Elande
942 _2AGRIS
_n0
_cANA
999 _c222855
_d222855